| 000 | 004360000a22001930004500 | ||
|---|---|---|---|
| 999 |
_c48492 _d48492 |
||
| 001 | 1323 | ||
| 003 | CO-MdFUSB | ||
| 005 | 20180301180556.0 | ||
| 008 | 180207b xxu||||| |||| 00| 0 eng d | ||
| 020 | _a958-04-0476-3 | ||
| 040 | _cCO-MdBIC | ||
| 082 | 0 | 4 | _a505 V66ca |
| 110 | 1 | _aVictorama Ltda. | |
| 245 | 1 | 0 | _aCosas y casos de los animales |
| 260 | _aBogotá : Norma | ||
| 300 | _a32 Pag. | ||
| 650 | 1 | 4 | _aANIMALES |
| 942 | _cLGB | ||